Charles Ferguson Smith papers, (Record no. 41185)

MARC details
000 -LEADER
fixed length control field 01119cpmaa2200289 a 4500
001 - CONTROL NUMBER
control field mm 79002977
003 - CONTROL NUMBER IDENTIFIER
control field DLC
005 - DATE AND TIME OF LATEST TRANSACTION
control field 20260227111641.0
008 - FIXED-LENGTH DATA ELEMENTS--GENERAL INFORMATION
fixed length control field 791120|||||||||||| eng
010 ## - LIBRARY OF CONGRESS CONTROL NUMBER
LC control number mm 79002977
040 ## - CATALOGING SOURCE
Original cataloging agency DLC
Transcribing agency DLC
Description conventions dacs
Modifying agency DLC
072 #7 - SUBJECT CATEGORY CODE
Subject category code N
Source lcmd
100 1# - MAIN ENTRY--PERSONAL NAME
Personal name Smith, Charles Ferguson,
Dates associated with a name 1807-1862.
245 00 - TITLE STATEMENT
Title Charles Ferguson Smith papers,
Inclusive dates 1825-1862.
300 ## - PHYSICAL DESCRIPTION
Extent 16
Type of unit oversize items.
506 0# - RESTRICTIONS ON ACCESS NOTE
Terms governing access Open to research.
520 8# - SUMMARY, ETC.
Summary, etc. Commissions, death certificate, and other military papers of or pertaining to Smith including his service in the Mexican War and Civil War.
545 0# - BIOGRAPHICAL OR HISTORICAL DATA
Biographical or historical data Army officer.
546 ## - LANGUAGE NOTE
Language note Collection material in English.
580 ## - LINKING ENTRY COMPLEXITY NOTE
Linking entry complexity note Forms part of: Miscellaneous Manuscripts collection.
610 10 - SUBJECT ADDED ENTRY--CORPORATE NAME
Corporate name or jurisdiction name as entry element United States.
Subordinate unit Army
General subdivision Officers.
650 #0 - SUBJECT ADDED ENTRY--TOPICAL TERM
Topical term or geographic name entry element Mexican War, 1846-1848.
651 #0 - SUBJECT ADDED ENTRY--GEOGRAPHIC NAME
Geographic name United States
General subdivision History
Chronological subdivision Civil War, 1861-1865.
656 #7 - INDEX TERM--OCCUPATION
Occupation Army officers.
Source of term itoamc

No items available.

Powered by Koha